Sequence analysis of the BRCA1 gene in selected Malaysians with breast cancer /
Saved in:
| 主要作者: | |
|---|---|
| 格式: | Thesis 图书 |
| 语言: | English |
| 出版: |
1999.
|
| 主题: | |
| 标签: |
添加标签
没有标签, 成为第一个标记此记录!
|
| LEADER | 00821cam a2200229 a 4500 | ||
|---|---|---|---|
| 001 | u453396 | ||
| 003 | SIRSI | ||
| 008 | 920910s1999 my t 00 1 eng | ||
| 035 | |a ACJ-2296 | ||
| 040 | |a UMP | ||
| 096 | |a WP870 |b Gra 1999 | ||
| 100 | 1 | 0 | |a Gracepooranam, Pauline. |
| 245 | 1 | 0 | |a Sequence analysis of the BRCA1 gene in selected Malaysians with breast cancer / |c Pauline Gracepooranam. |
| 260 | 0 | |c 1999. | |
| 300 | |a xx, 120 leaves : |b ill. (part col.) ; |c 30 cm. | ||
| 502 | 0 | |a Thesis (M.Med.Sc.) -- Department of Applied Health Sciences, Faculty of Medicine, University of Malaya, 1999. | |
| 504 | |a Bibliography : leaves 89-105 | ||
| 650 | 2 | |a Breast Neoplasms. | |
| 650 | 2 | |a Mammaplasty. | |
| 948 | |a 28/03/2000 |b 30/06/2000 | ||
| 596 | |a 2 | ||
| 999 | |a WP870 GRA 1999 |w NLM |c 1 |i A503014446 |l STACKS |m P02MEDKL |r Y |s Y |t TESIS |u 25/5/2000 | ||
